000
00255nam a22001217a 4500
008
170504b xxu||||| |||| 00| 0 eng d
041
_a
eng
080
_a
347
100
_a
15
101
_a
SHJ
245
_a
TE DREJTAT E FEMIJES
_c
OD, P
942
_2
udc
_c
BK
999
_c
12681
_d
12681